| 000 | 01597cam a2200169 4500500 | ||
|---|---|---|---|
| 005 | 20251228053343.0 | ||
| 041 | _afre | ||
| 042 | _adc | ||
| 100 | 1 | 0 |
_aCarpentier, Vincent _eauthor |
| 245 | 0 | 0 | _aJoëlle Burnouf et Philippe Leveau, (dir.), Fleuves et marais, une histoire au croisement de la nature et de la culture, Paris, cths, série « Archéologie et Histoire de l’Art », 2004, 19, 493 p., 35 €, isbn 2735505618 |
| 260 | _c2005. | ||
| 500 | _a88 | ||
| 520 | _aRésuméAu cours du Moyen Âge, l’administration royale contrôle la création des marchés hebdomadaires et impose une procédure aboutissant à la rédaction d’une lettre patente qui donne à une seigneurie le droit à rassembler un marché en un lieu et jour donné. L’étude de ces lettres permet d’observer la mise en place du réseau des marchés mais aussi d’appréhender les motivations économiques qui ont présidé à leur création. | ||
| 520 | _aDuring the Middle Ages the royal administration controls the Periodic markets creation and imposes a creation procedure ending up at the writing of a Letters Patent which give permission to a seigniory to gather a market in a definite place and day. The study of these Letters Patent allows to observe the installation of the network of the markets but also to grasp the economic motivations which leaded to these creations. | ||
| 786 | 0 | _nHistoire & Sociétés Rurales | 24 | 2 | 2005-10-01 | p. 171d-276d | 1254-728X | |
| 856 | 4 | 1 | _uhttps://shs.cairn.info/revue-histoire-et-societes-rurales-2005-2-page-171d?lang=fr&redirect-ssocas=7080 |
| 999 |
_c1585275 _d1585275 |
||